|
|
|
|
| LEADER |
01782nam a2200445 a 4500 |
| 001 |
37826 |
| 003 |
BD-DhAAL |
| 005 |
20220301134619.0 |
| 008 |
220301t2010 ii a b 001 0 eng d |
| 999 |
|
|
|c 43627
|d 43627
|
| 010 |
|
|
|a 2010316743
|
| 020 |
|
|
|a 9788183873307
|
| 020 |
|
|
|a 8183873308
|
| 025 |
|
|
|a I-E-2010-316743; 69-90; 70-90
|
| 035 |
|
|
|a (OCoLC)ocn543297953
|
| 035 |
|
|
|a (OCoLC)543297953
|
| 037 |
|
|
|a Library of Congress -- New Delhi Overseas Office
|c Rs895.00
|
| 040 |
|
|
|a DKAGE
|b eng
|c DKAGE
|d DLC
|d BD-DhAAL
|
| 042 |
|
|
|a lccopycat
|a lcode
|
| 043 |
|
|
|a a-ii---
|a a-bg---
|
| 050 |
0 |
0 |
|a HQ1742
|b .W6664 2010
|
| 082 |
0 |
4 |
|a 305.420954
|2 22
|
| 245 |
0 |
0 |
|a Women in patriarchal society /
|c Profulla C. Sarker.
|
| 260 |
|
|
|a New Delhi, India :
|b Serials Publications,
|c 2010.
|
| 300 |
|
|
|a xii, 283 pages :
|b illustrations ;
|c 23 cm.
|
| 504 |
|
|
|a Includes bibliographical references and index.
|
| 520 |
|
|
|a With special reference to India and Bangladesh; contributed articles.
|
| 526 |
|
|
|a BIED
|
| 541 |
|
|
|a Complimentary copy from BIED
|e 37826
|
| 650 |
|
0 |
|a Women in development
|z India.
|9 46279
|
| 650 |
|
0 |
|a Women in development
|z Bangladesh.
|9 46280
|
| 650 |
|
0 |
|a Women
|z India
|x Social conditions.
|9 46281
|
| 650 |
|
0 |
|a Women
|z Bangladesh
|x Social conditions.
|9 46282
|
| 650 |
|
0 |
|a Patriarchy
|z India.
|9 46283
|
| 650 |
|
0 |
|a Patriarchy
|z Bangladesh.
|9 46284
|
| 650 |
|
0 |
|a Women
|x Social conditions.
|9 46285
|
| 700 |
1 |
|
|a Sarker, Profulla Chandra.
|9 46286
|
| 852 |
|
|
|a Ayesha Abed Library
|c BIED Collection
|
| 942 |
|
|
|2 ddc
|c BK
|
| 952 |
|
|
|0 0
|1 0
|2 ddc
|4 0
|6 305_420954000000000_WOM
|7 0
|9 69949
|a BRACUL
|b BRACUL
|c GEN
|d 2022-03-01
|e Complimentary copy from BIED
|l 2
|m 1
|o 305.420954 WOM
|p 3010037826
|r 2026-01-04
|s 2025-12-28
|t 1
|w 2022-03-01
|y BK
|x Transferred from BIED to General Stacks
|